| 000 | 004930000a22001810004500 | ||
|---|---|---|---|
| 003 | MACL | ||
| 005 | 20150716123757.0 | ||
| 008 | 150716b xxu||||| |||| 00| 0 eng d | ||
| 040 |
_aMACL _cMACL |
||
| 041 | _aEnglish | ||
| 082 | _a330/FRE | ||
| 100 |
_aFernandes, Leela _92271 |
||
| 245 |
_aIndia's New Middle Class _bDemocratic Politics in an Era of Economic Reform |
||
| 260 |
_bOxford University Press _c2008 _aNew Delhi |
||
| 350 | _a575 | ||
| 650 |
_aEconomics _974 |
||
| 942 |
_cBK _k330 _2ddc |
||
| 999 |
_c8381 _d8381 |
||